Регионална библиотека "Любен Каравелов" - Русе

Горун призори (Запис номер 174894)

MARC детайли
000 -Лидер
Контролно поле с фиксирана дължина 00959nam a2200301 a 4500
003 - Код на организацията, давaща контролен номер
Контролно поле BLK
005 - Дата и час на последна редакция
Контролно поле 20240720155453.0
008 - Елементи от данни с фиксирана дължина
fixed length control field 180411b bul|||||r ||||||| ||bul||
010 ## - Наследен системен номер
LC control number KNG00183403000
040 ## - Източник на каталожния запис
Идентификатор на билиотеката - собственик на записа BLK
041 ## - Код за език
Код за езика на текст/звукозапис или на отделно заглавие Български
Код за езика КДБФ Български
080 ## - УДК
Текстов определител УДК Българска литература
УДК код - определител по УДК 821.163.2
УДК определител -31
УДК - код + определител 821.163.2-31
100 1# - Редна дума - Автор
Автор Ягодов, Марий
Пълна форма на името Бочев, Мартин Петров
R(LIN) 145140
139 ## - Редно поле
Редна дума Ягодоплодни култури
Авторски знак Ягодо - Я 23
245 10 - Сведения за заглавието
Заглавие Горун призори
Подзаглавни данни Роман
Редно поле (дума) Марий Ягодов.
250 ## - Област на изданието
Сведения за изданието 2. изд.
257 ## - Страна на издаване
Страна на създаване/издаване България
260 ## - Област на издателските данни
Място на издаване, разпространение и проч. София
Име на издателя, разпространителя и проч. Бълг. писател
Година на издаване 1972
300 ## - Физическа характеристика
Страници 515 с., 1 л.
Илюстрации и др. портр.
Размери/Мащаб 25 см
380 ## - Жанр
Жанр Худож. лит.
852 ## - Местоположение
Форматна сигнатура Цб 62956
Фондова буква Хранилище
856 4# - Електронен адрес и достъп
Електронен формат pdf - файл
856 4# - Електронен адрес и достъп
Електронен формат pdf - файл
999 ## - СИСТЕМНИ КОНТРОЛНИ НОМЕРА
Koha biblionumber 174894
Koha biblioitemnumber 174894
942 ## - АРТИКУЛИ
Вид на библиотечния материал Книги
Скрит в OPAC Не
Периодичен библиозапис Да
944 ## - СЪЗДАВАНЕ И РЕДАКЦИЯ на ЗАПИСА
Създаване/Редакция Създаване
Дата на регистрацията/редакция 08.10.2015
Служител, извършил регистрацията/редакцията 30560
Статус, дата на статуса Геновева Генчева
944 ## - СЪЗДАВАНЕ И РЕДАКЦИЯ на ЗАПИСА
Създаване/Редакция Редакция
Дата на регистрацията/редакция 2022-07-27
Служител, извършил регистрацията/редакцията Кети
999 ## - СИСТЕМНИ КОНТРОЛНИ НОМЕРА
Koha biblioitemnumber 174894
Наличности
Код за отписване Код за изгубен артикул Източник на класификационната схема Код за повреда Коз за рестрикции Код за отдаване Артикулен № Име на библиотеката - собственик Име на библиотеката, в която се намира в момента Статус (Текущо местоположение) Дата на вписване в системата Местоположение - отдел Цена в лева Инвентарен номер Систематично азбучна сигнатура Баркод Номер на екземпляра Цена в евро Служебна бележка Служебен тип на артикула Бележка за публиката
  Не е изгубен Universal Decimal Classification Не е повреден само за читалня ползва се в читалня 300920 Регионална библиотека "Любен Каравелов" Русе Регионална библиотека "Любен Каравелов" Русе Хранилище 1972-01-01 Хранилище 2.34 116702 Цб 62956 120000116702 1 1.20 Вид: Сф N: стар фонд Дата: 01.01.1972 Книги  
Изтеглен Не е изгубен Universal Decimal Classification Не е повреден без рестрикции заемане за дома 300921 Регионална библиотека "Любен Каравелов" Русе Регионална библиотека "Любен Каравелов" Русе Заемна - подръчен фонд 1972-01-01 Заемна - подръчен фонд 2.34 116498 П 886.7-31/Я 23 116498 2 1.20 Вид: Сф N: стар фонд Дата: 01.01.1972 Книги  
Изтеглен Не е изгубен Universal Decimal Classification Не е повреден без рестрикции заемане за дома 300922 Регионална библиотека "Любен Каравелов" Русе Регионална библиотека "Любен Каравелов" Русе Заемна - подръчен фонд 1972-01-01 Заемна - подръчен фонд 2.34 116500 П 886.7-31/Я 23 116500 3 1.20 Вид: Сф N: стар фонд Дата: 01.01.1972 Книги  
Изтеглен Не е изгубен   Не е повреден без рестрикции заемане за дома 300923 Регионална библиотека "Любен Каравелов" Русе Регионална библиотека "Любен Каравелов" Русе   1972-01-01 Детски отдел 2.34 116551 ДХ 886.7/Я 23 116551 4 1.20 Вид: Сф N: стар фонд Дата: 01.01.1972 Дата инв: 28.10.2015 Бележки инв: Д2015 Книги Отч.N: 27/2017 , Дата: 16.08.2017
Vip Innovations Ltd, Rousse, Bulgaria 2025